[Event "Vrsac"]
[Site "Vrsac"]
[Date "1983.??.??"]
[Round "?"]
[White "De Firmian, Nick E"]
[Black "Tarjan, James Edward"]
[Result "1/2-1/2"]
[WhiteElo "2520"]
[BlackElo "2535"]
[PlyCount "24"]
[EventDate "1983.09.??"]
[Source "ChessBase"]

1. e4 e5 2. d4 exd4 3. c3 d3 4. Bxd3 Nc6 5. Nf3 d6 6. O-O Nf6 7. c4 Bg4 8. Nc3 Be7 9. Be2 O-O 10. Be3 Re8 11. Nd4 Bxe2 12. Qxe2 Nd7 1/2-1/2

[Event "Cascais"]
[Site "?"]
[Date "1986.??.??"]
[Round "?"]
[White "Antunes, Antonio"]
[Black "Mikhalchishin, Adrian B"]
[Result "0-1"]
[WhiteElo "2455"]
[BlackElo "2510"]
[PlyCount "92"]
[EventDate "1986.??.??"]
[Source "www.chesslib.no"]
[SourceDate "2004.05.04"]

1. e4 e5 2. d4 exd4 3. c3 Nc6 4. cxd4 Bb4+ 5. Nc3 Nf6 6. f3 O-O 7. Bg5 Be7 8. Be3 d6 9. Bd3 Nb4 10. Bb1 c5 11. Nge2 Bd7 12. O-O Rc8 13. Qd2 c4 14. h3 Qa5 15. a3 Nc6 16. f4 Bd8 17. d5 Ne7 18. Kh1 Bb6 19. Nd4 Rfe8 20. Bc2 Bc5 21. Rad1 Ng6 22. Qf2 b5 23. g4 Bxa3 24. Ra1 b4 25. Nf5 Qc7 26. bxa3 bxc3 27. Qf3 Rb8 28. Bd4 Rb2 29. Bxf6 Rxc2 30. Bxc3 f6 31. Rac1 Rxc1 32. Rxc1 a5 33. Qg2 Nxf4 34. Qf3 Nd3 35. Rb1 Qc5 36. Nxg7 Ne5 37. Bxe5 Rxe5 38. Nh5 Rxh5 39. gxh5 Kf7 40. h6 c3 41. Rg1 c2 42. Rg7+ Ke8 43. Qh5+ Kd8 44. Rxd7+ Kxd7 45. Qf5+ Kc7 46. Qxh7+ Kb6 0-1

[Event "Santos Lugares"]
[Site "Santos Lugares"]
[Date "1977.??.??"]
[Round "3"]
[White "Rubinetti, Jorge Alberto"]
[Black "Sanguinetti, Raul"]
[Result "0-1"]
[WhiteElo "2420"]
[BlackElo "2520"]
[PlyCount "80"]
[EventDate "1977.??.??"]
[Source "ChessBase"]

1. e4 e5 2. d4 exd4 3. c3 d5 4. exd5 dxc3 5. Nxc3 Nf6 6. Nf3 Be7 7. Bc4 O-O 8. O-O Nbd7 9. a3 Ne8 10. Ba2 Nd6 11. Nd4 Bf6 12. Bf4 Ne5 13. Rc1 Ng6 14. Be3 a6 15. f4 Re8 16. Qd2 Bf5 17. Nxf5 Nxf5 18. Bc5 Nd6 19. Bd4 Bxd4+ 20. Qxd4 Nf5 21. Qf2 Qd6 22. Rce1 Rxe1 23. Rxe1 Qxf4 24. Qxf4 Nxf4 25. Rf1 g5 26. g3 Nh3+ 27. Kh1 Nd6 28. Re1 Nf2+ 29. Kg2 Nd3 30. Re7 Rc8 31. b4 Kf8 32. Re3 Nb2 33. Re2 Nbc4 34. a4 Re8 35. Rxe8+ Kxe8 36. Bxc4 Nxc4 37. Kf3 f5 38. h4 h6 39. hxg5 hxg5 40. Ke2 Ke7 0-1

[Event "14th Asian Cities"]
[Site "Tagaytay City"]
[Date "2004.03.24"]
[Round "5"]
[White "Mariano, Nelson"]
[Black "Antonio, Rogelio Jr"]
[Result "1/2-1/2"]
[WhiteElo "2416"]
[BlackElo "2523"]
[PlyCount "91"]
[EventDate "2004.03.21"]
[Source "Roberto Alvarez"]
[SourceDate "2004.03.29"]

1. e4 e5 2. d4 exd4 3. c3 d5 4. Qxd4 Nf6 5. exd5 Qxd5 6. Qxd5 Nxd5 7. Nf3 Bd6 8. Bc4 Nb6 9. Bb5+ Bd7 10. Bxd7+ N8xd7 11. O-O O-O 12. Nbd2 Rfe8 13. Nb3 Na4 14. Nbd4 Ne5 15. Nxe5 Bxe5 16. Nf3 Bf6 17. Rb1 c5 18. Bd2 Rad8 19. Rfe1 Rxe1+ 20. Bxe1 b5 21. Kf1 h5 22. Nd2 Re8 23. f3 Be7 24. Ne4 f5 25. Ng3 g6 26. b3 Nb6 27. Rd1 Rd8 28. Rxd8+ Bxd8 29. Bf2 Be7 30. Ne2 Bd6 31. b4 cxb4 32. Bxb6 axb6 33. cxb4 Bxb4 34. Nd4 Bd6 35. h3 b4 36. Ke2 Kf7 37. Kd3 Kf6 38. Kc4 Ke5 39. Ne2 h4 40. Kd3 Bc5 41. Kc4 g5 42. Kd3 Kd5 43. Nc1 f4 44. Nb3 Be3 45. Na1 Kc5 46. Nb3+ 1/2-1/2

[Event "Vestmannaeyjum"]
[Site "Vestmannaeyjum"]
[Date "1985.??.??"]
[Round "8"]
[White "Tisdall, Jonathan D"]
[Black "Olafsson, Helgi"]
[Result "0-1"]
[WhiteElo "2420"]
[BlackElo "2515"]
[PlyCount "104"]
[EventDate "1985.??.??"]
[Source "ChessBase"]

1. e4 e5 2. d4 exd4 3. c3 dxc3 4. Bc4 Nf6 5. Nxc3 d5 6. Nxd5 Nxd5 7. exd5 Bb4+ 8. Bd2 Bxd2+ 9. Qxd2 O-O 10. Ne2 Nd7 11. O-O Nf6 12. Nc3 a6 13. b4 Qd6 14. a3 Bd7 15. Qd4 Rfe8 16. Rad1 Re7 17. Be2 Rae8 18. Bf3 h6 19. h3 Bf5 20. Rc1 Nh7 21. h4 Nf6 22. g3 Nd7 23. Bg2 Ne5 24. Ne4 Bxe4 25. Qxe4 b5 26. Rc3 Nc4 27. Qd4 Re2 28. Rfc1 Rd2 29. Rd3 Rxd3 30. Qxd3 Qf6 31. a4 Qb2 32. Rb1 Qe5 33. axb5 axb5 34. Rc1 Rd8 35. Qe4 Qd6 36. Bf1 Nd2 37. Qd3 Nxf1 38. Qxf1 Qxb4 39. Rxc7 Qb3 40. Rc5 Rxd5 41. Rc8+ Kh7 42. Rc1 Qf3 43. Qe1 Rd4 44. Ra1 b4 45. Qb1+ g6 46. Qb2 Re4 47. Rf1 h5 48. Qd2 b3 49. Qd5 Kg7 50. Qb7 Re3 51. Qb4 Re2 52. Qd4+ Kh7 0-1

[Event "BUL Ch"]
[Site "Sofia BUL"]
[Date "1981.??.??"]
[Round "4"]
[White "Kirov, Nino"]
[Black "Spassov, Liuben D"]
[Result "1/2-1/2"]
[WhiteElo "2475"]
[BlackElo "2460"]
[PlyCount "26"]
[EventDate "1981.??.??"]
[Source "www.chesslib.no"]
[SourceDate "2004.05.04"]

1. e4 e5 2. d4 exd4 3. c3 dxc3 4. Bc4 Nc6 5. Nxc3 Nf6 6. Nf3 d6 7. O-O Be7 8. Nd5 O-O 9. Nxe7+ Nxe7 10. e5 dxe5 11. Qxd8 Rxd8 12. Nxe5 Be6 13. Bxe6 fxe6 1/2-1/2

[Event "World op"]
[Site "Philadelphia"]
[Date "1997.??.??"]
[Round "6"]
[White "Dunne, Alex"]
[Black "Hjartarson, Johann"]
[Result "0-1"]
[WhiteElo "2300"]
[BlackElo "2605"]
[PlyCount "72"]
[EventDate "1997.09.??"]
[Source "www.chesslib.no"]
[SourceDate "2004.05.04"]

1. e4 e5 2. d4 exd4 3. c3 dxc3 4. Bc4 d6 5. Nxc3 Nd7 6. Nf3 Nb6 7. O-O Nxc4 8. Qa4+ c6 9. Qxc4 Be6 10. Qe2 Nf6 11. Bg5 Be7 12. Rfd1 O-O 13. Nd4 Bg4 14. f3 Bd7 15. e5 dxe5 16. Qxe5 Re8 17. Nf5 Bf8 18. Qg3 Nh5 19. Qg4 Qb6+ 20. Kh1 Bxf5 21. Qxf5 Qxb2 22. Ne4 Qe5 23. Qxe5 Rxe5 24. g4 f5 25. gxf5 Rxf5 26. Rd7 h6 27. Be3 Rxf3 28. Bc5 Bxc5 29. Nxc5 b6 30. Ne4 Re8 31. Kg2 Ra3 32. Re1 Rxa2+ 33. Kh3 c5 34. Ng5 Ra3+ 35. Kg2 Nf4+ 36. Kf2 Rf8 0-1

[Event "Ch Spain (team) (1 Div) (South)"]
[Site "Burguillos (Spain)"]
[Date "2007.08.25"]
[Round "5"]
[White "Toledano Llinares Juan A (ESP"]
[Black "Campora Daniel H (ARG)"]
[Result "0-1"]
[WhiteElo "2340"]
[BlackElo "2530"]
[PlyCount "110"]
[EventDate "2007.??.??"]
[Source "www.chesslib.no"]
[SourceDate "2004.05.04"]

1. e4 e5 2. d4 exd4 3. c3 d5 4. exd5 Qxd5 5. cxd4 Nf6 6. Nc3 Bb4 7. Nf3 O-O 8. Be2 c5 9. O-O Bxc3 10. bxc3 cxd4 11. Nxd4 Bf5 12. Nxf5 Qxf5 13. Qb3 Nbd7 14. Qxb7 Qe5 15. Qf3 Rfe8 16. Bd3 Rac8 17. Bd2 Qd6 18. Bf4 Ne5 19. Bxe5 Qxe5 20. Rac1 g6 21. Ba6 Rc5 22. g3 Ne4 23. Rfe1 Ng5 24. Qd3 Qxe1+ 25. Rxe1 Rxe1+ 26. Kg2 Re8 27. c4 Rc7 28. a4 Ne6 29. a5 Nc5 30. Qd6 Nxa6 31. Qxa6 Re4 32. h4 h5 33. Kg1 Rexc4 34. Kg2 Kg7 35. Kg1 R4c6 36. Qd3 Rc5 37. Qa6 Rf5 38. Kg2 Rf6 39. Qe2 Rc5 40. Qd2 a6 41. f3 Rcf5 42. f4 Rc6 43. Qb2+ Kh7 44. Qb7 Rd6 45. Kh3 Rdf6 46. Qb2 Rc6 47. Qb7 Rc3 48. Kg2 Rc2+ 49. Kh3 Kg7 50. Qxa6 Rd5 51. Qb6 Rdd2 52. Qg1 Ra2 53. f5 gxf5 54. a6 Rxa6 55. Qe3 Raa2 0-1

[Event "Chigorin mem-A 10th"]
[Site "?"]
[Date "2002.11.03"]
[Round "9"]
[White "Janturin Artur"]
[Black "Gavrilov Alexei"]
[Result "0-1"]
[WhiteElo "2394"]
[BlackElo "2455"]
[PlyCount "46"]
[EventDate "2002.??.??"]
[Source "www.chesslib.no"]
[SourceDate "2004.05.04"]

1. e4 e5 2. d4 exd4 3. c3 d5 4. exd5 Nf6 5. cxd4 Nxd5 6. Nc3 Bb4 7. Nge2 O-O 8. a3 Ba5 9. Bd2 Nc6 10. Qb3 Be6 11. Qxb7 Qd7 12. Qa6 Rab8 13. O-O-O Rb6 14. Qd3 Bf5 15. Qc4 Bxc3 16. Bxc3 Rfb8 17. Ng3 Bg6 18. Bd3 Na5 19. Qa2 Nxc3 20. bxc3 Bxd3 21. Rxd3 Qb5 22. Rf3 Nc4 23. a4 Qg5+ 0-1

[Event "CZE Ch"]
[Site "Olomouc CZE"]
[Date "1995.??.??"]
[Round "?"]
[White "Gross, Stefan"]
[Black "Biolek, Richard"]
[Result "1/2-1/2"]
[WhiteElo "2370"]
[BlackElo "2455"]
[PlyCount "132"]
[EventDate "1995.??.??"]
[Source "www.chesslib.no"]
[SourceDate "2004.05.04"]

1. e4 e5 2. d4 exd4 3. c3 d5 4. exd5 Qxd5 5. cxd4 Nc6 6. Nf3 Bg4 7. Be2 O-O-O 8. Nc3 Qa5 9. Be3 Nf6 10. O-O Bd6 11. Ng5 Bxe2 12. Nxe2 Bxh2+ 13. Kxh2 Ng4+ 14. Kg1 Nxe3 15. fxe3 Qxg5 16. Qb3 Rhe8 17. Nf4 Re7 18. Rac1 Rd6 19. Rc5 Qg3 20. Nd5 Red7 21. Rf3 Qe1+ 22. Rf1 Qg3 23. Rf3 Qe1+ 24. Rf1 Qh4 25. Rf4 Qd8 26. Nc3 a6 27. Ne4 Rg6 28. Rcf5 b6 29. Rxf7 Rxf7 30. Qxf7 Kb7 31. Qb3 Na5 32. Qf7 Nc6 33. a3 Ne7 34. Nc3 Qd6 35. Qe8 Qc6 36. Qxc6+ Kxc6 37. e4 Kd6 38. Rf8 Kd7 39. Nb1 Rg3 40. Nd2 Rd3 41. Nf3 Rb3 42. d5 Ng6 43. Rf7+ Kd6 44. Rxg7 Rxb2 45. Rxh7 Nf4 46. Rh6+ Ke7 47. Rh4 Nxg2 48. Rh2 Re2 49. Rxg2 Rxe4 50. Rg6 Ra4 51. Re6+ Kd8 52. Re3 Kd7 53. Rd3 Kd6 54. Nd2 b5 55. Kf2 b4 56. axb4 Rxb4 57. Ke3 Rh4 58. Ne4+ Ke5 59. Ng5 Rh5 60. Nf7+ Kf6 61. Nd8 Ke7 62. Nb7 Kd7 63. Kd4 c6 64. d6 Rb5 65. Nc5+ Kxd6 66. Nxa6 Rd5+ 1/2-1/2

[Event "Scotland"]
[Site "Scotland"]
[Date "1982.??.??"]
[Round "?"]
[White "Bryson, Douglas M"]
[Black "Lerner, Konstantin Z"]
[Result "1/2-1/2"]
[WhiteElo "2295"]
[BlackElo "2520"]
[PlyCount "89"]
[EventDate "1982.??.??"]
[Source "www.chesslib.no"]
[SourceDate "2004.05.04"]

1. e4 e5 2. d4 exd4 3. c3 dxc3 4. Nxc3 Nc6 5. Nf3 d6 6. Bc4 Be6 7. Bxe6 fxe6 8. Qb3 Qc8 9. Ng5 Nd8 10. f4 Be7 11. f5 e5 12. O-O Nf6 13. Bd2 c6 14. Rac1 h6 15. Ne6 Nxe6 16. fxe6 O-O 17. Nd5 Nxd5 18. Rxf8+ Qxf8 19. exd5 cxd5 20. Qxd5 Re8 21. Qxb7 Bf6 22. Qd5 Qe7 23. Rc6 Qxe6 24. Rxd6 Qxd5 25. Rxd5 e4 26. Be3 Bxb2 27. Ra5 Rd8 28. Rxa7 Bd4 29. Bxd4 Rxd4 30. Re7 Ra4 31. g4 Kf8 32. Re5 Kf7 33. h4 e3 34. g5 h5 35. Rxe3 Rxh4 36. Rg3 Kg6 37. Rg2 Ra4 38. Kh2 Ra3 39. Kg1 h4 40. Kh2 Rc3 41. Rg4 Kh5 42. Rg1 Ra3 43. Rg2 g6 44. Kh1 h3 45. Rb2 1/2-1/2

[Event "Hamburg-ch int"]
[Site "Hamburg"]
[Date "2000.06.10"]
[Round "1"]
[White "Voigt, Martin"]
[Black "Hector, Jonny"]
[Result "0-1"]
[WhiteElo "2300"]
[BlackElo "2515"]
[PlyCount "54"]
[EventDate "2000.06.10"]
[Source "ChessBase"]
[SourceDate "2000.07.11"]

1. e4 e5 2. d4 exd4 3. c3 Ne7 4. cxd4 d5 5. e5 Nf5 6. Nc3 Be7 7. Nf3 O-O 8. Bd3 Nc6 9. Ne2 f6 10. a3 fxe5 11. dxe5 Nh4 12. Nxh4 Bxh4 13. Bf4 Nxe5 14. Bxe5 Bxf2+ 15. Kd2 Qg5+ 16. Bf4 Rxf4 17. Nxf4 Qxf4+ 18. Kc2 Bg4 19. Qf1 c5 20. h3 Bd7 21. Kb1 c4 22. Bc2 Re8 23. Ka2 d4 24. Qd1 d3 25. Rf1 Re2 26. Rc1 Be6 27. Ka1 Qe5 0-1

[Event "Hamburg-ch int"]
[Site "Hamburg"]
[Date "2000.06.12"]
[Round "3"]
[White "Voigt, Martin"]
[Black "Rausis, Igors"]
[Result "1-0"]
[WhiteElo "2300"]
[BlackElo "2486"]
[PlyCount "80"]
[EventDate "2000.06.10"]
[Source "ChessBase"]
[SourceDate "2000.07.11"]

1. e4 e5 2. d4 exd4 3. c3 Qe7 4. cxd4 Qxe4+ 5. Be3 Bb4+ 6. Nc3 d5 7. Nf3 Bf5 8. Rc1 Qe7 9. Bd3 Bxd3 10. Qxd3 Nf6 11. O-O O-O 12. Bg5 c6 13. Rfe1 Qd6 14. Nh4 Nbd7 15. Nf5 Qc7 16. Qh3 Bxc3 17. bxc3 Rfe8 18. Nxg7 Kxg7 19. Qh6+ Kg8 20. Bxf6 Nxf6 21. Qg5+ Kh8 22. Qxf6+ Kg8 23. h4 Qd8 24. Qf4 Qd7 25. h5 Re6 26. Re5 Rxe5 27. dxe5 Qe6 28. Re1 Re8 29. Re3 h6 30. Rf3 Kg7 31. Qg3+ Kf8 32. Rf6 Qxe5 33. Qg6 Re7 34. Qxh6+ Ke8 35. Rf3 Qe1+ 36. Kh2 Qe5+ 37. g3 Qe2 38. Kg2 Qe4 39. Qd6 Kf8 40. h6 Kg8 1-0

[Event "Kecskemet"]
[Site "Kecskemet"]
[Date "1990.??.??"]
[Round "8"]
[White "Arkhipov, Sergey"]
[Black "Barczay, Laszlo"]
[Result "1-0"]
[WhiteElo "2440"]
[BlackElo "2335"]
[PlyCount "33"]
[EventDate "1990.06.??"]
[Source "ChessBase"]

1. e4 e5 2. d4 exd4 3. c3 dxc3 4. Nxc3 Nc6 5. Bc4 Bb4 6. Nf3 Nf6 7. e5 d5 8. exf6 dxc4 9. fxg7 Rg8 10. Bh6 Qxd1+ 11. Rxd1 Bf5 12. O-O Bd3 13. Rfe1+ Kd7 14. Ng5 Rae8 15. Rxe8 Kxe8 16. Nd5 Be7 17. Nxh7 1-0

[Event "BCF Ch"]
[Site "Southampton ENG"]
[Date "1986.??.??"]
[Round "2"]
[White "Thomas, Ian L"]
[Black "Hebden, Mark L"]
[Result "0-1"]
[WhiteElo "2325"]
[BlackElo "2445"]
[PlyCount "114"]
[EventDate "1986.07.28"]
[Source "www.chesslib.no"]
[SourceDate "2004.05.04"]

1. e4 e5 2. d4 exd4 3. c3 d5 4. exd5 Nf6 5. Bb5+ Bd7 6. Bc4 c6 7. Bg5 Be7 8. d6 Bxd6 9. Ne2 c5 10. cxd4 cxd4 11. Qxd4 Be7 12. Nbc3 Nc6 13. Qd2 Ne5 14. Bb3 Bc6 15. O-O Qxd2 16. Bxd2 Nd3 17. Nf4 Nxf4 18. Bxf4 O-O 19. Rad1 Rfd8 20. h3 b5 21. Bc7 Rxd1 22. Rxd1 Rc8 23. Be5 Rd8 24. Rxd8+ Bxd8 25. Bd6 Bb6 26. Kf1 Ne8 27. Be7 Bd4 28. f3 Nc7 29. Ke2 Ne6 30. Bd6 a5 31. Kd3 Bf6 32. a3 g5 33. Bd5 Bxd5 34. Nxd5 Bxb2 35. Ne7+ Kf8 36. Nc6+ Ke8 37. Nxa5 Kd7 38. Bb4 Nf4+ 39. Kc2 Bf6 40. Nb7 Nxg2 41. Nd6 Ne1+ 42. Kd1 Nxf3 43. Nxb5 Ng1 44. Nd6 Nxh3 45. Nxf7 g4 46. Ke2 h5 47. Bd2 Ke6 48. Nh6 Ng5 49. Be3 Ne4 50. Kd3 Nc3 51. Bf4 Bg7 52. Be3 g3 53. a4 Nd5 54. Ng8 Kf7 55. a5 Nxe3 56. Kxe3 Kxg8 57. a6 Bd4+ 0-1

[Event "Warren, MI"]
[Site "?"]
[Date "2003.04.12"]
[Round "3"]
[White "Davidovich Manis"]
[Black "Finegold Ben"]
[Result "0-1"]
[WhiteElo "2117"]
[BlackElo "2636"]
[PlyCount "38"]
[EventDate "2003.??.??"]
[Source "www.chesslib.no"]
[SourceDate "2004.05.04"]

1. e4 e5 2. d4 exd4 3. c3 dxc3 4. Bc4 cxb2 5. Bxb2 d5 6. Bxd5 Bb4+ 7. Nc3 Bxc3+ 8. Bxc3 Nf6 9. Qf3 O-O 10. Rd1 Qe7 11. Ne2 c6 12. Bb3 Qxe4 13. Rd6 Bg4 14. Bxf7+ Rxf7 15. Rd8+ Rf8 16. Rxf8+ Kxf8 17. Qxe4 Nxe4 18. Bb4+ c5 19. Ba3 Bxe2 0-1

[Event "Oberliga NN9900"]
[Site "MVP"]
[Date "2000.??.??"]
[Round "?"]
[White "Voigt, Martin"]
[Black "Levin, Felix"]
[Result "0-1"]
[WhiteElo "2257"]
[BlackElo "2496"]
[PlyCount "68"]
[EventDate "1999.??.??"]
[Source "www.chesslib.no"]
[SourceDate "2004.05.04"]

1. e4 e5 2. d4 exd4 3. c3 d3 4. Bxd3 Nc6 5. Nf3 d6 6. h3 Nf6 7. O-O Be7 8. Bc2 O-O 9. Nd4 Re8 10. f4 Bf8 11. Qf3 Ne7 12. e5 Nfd5 13. Nd2 f5 14. Nxf5 Nxf5 15. Bxf5 Bxf5 16. Qxd5+ Be6 17. Qxb7 dxe5 18. Nf3 Bd5 19. Qa6 Bc5+ 20. Kh2 Bxf3 21. Rxf3 e4 22. Rg3 Bf2 23. Rg5 e3 24. Qe2 Qd6 25. g3 Rad8 26. Kg2 Qc6+ 27. Kh2 Qe4 28. b3 Qd3 29. Qg4 Qc2 30. Rxg7+ Kh8 31. Rxh7+ Qxh7 32. Bb2 Rd2 33. Rd1 Bxg3+ 34. Kxg3 Rg8 0-1

[Event "EU-chT5 corr9498"]
[Site "?"]
[Date "1994.??.??"]
[Round "6.11"]
[White "Berza, Stefan"]
[Black "Drozd, Hans"]
[Result "1/2-1/2"]
[WhiteElo "2410"]
[BlackElo "2340"]
[PlyCount "71"]
[EventDate "1994.??.??"]
[Source "www.chesslib.no"]
[SourceDate "2004.05.04"]

1. e4 e5 2. d4 exd4 3. c3 d5 4. exd5 Nf6 5. Bb5+ Bd7 6. Bc4 dxc3 7. Nxc3 Bd6 8. Qe2+ Qe7 9. Qxe7+ Bxe7 10. Bf4 O-O 11. Bxc7 Bb4 12. Bxb8 Raxb8 13. Nge2 Rbc8 14. Bb3 Bb5 15. O-O Bxc3 16. Nxc3 Bxf1 17. Kxf1 Rfd8 18. Re1 Kf8 19. f3 Rd7 20. Kf2 a6 21. g4 h6 22. h4 g6 23. g5 hxg5 24. hxg5 Ne8 25. Ne4 b5 26. Rd1 a5 27. a4 b4 28. Ke3 Nd6 29. Kd4 Kg7 30. Rh1 Nf5+ 31. Ke5 Re8+ 32. Kf4 Rdd8 33. Rh2 Nd6 34. Bc2 Re7 35. Nf6 Re1 36. Rh7+ 1/2-1/2

[Event "Goteborg SWE"]
[Site "Goteborg SWE"]
[Date "1985.??.??"]
[Round "5"]
[White "Hector, Jonny"]
[Black "Schussler, Harry"]
[Result "1-0"]
[WhiteElo "2295"]
[BlackElo "2455"]
[PlyCount "79"]
[EventDate "1985.??.??"]
[Source "www.chesslib.no"]
[SourceDate "2004.05.04"]

1. e4 e5 2. d4 exd4 3. c3 dxc3 4. Bc4 d5 5. Bxd5 cxb2 6. Bxb2 Nf6 7. Nc3 Be7 8. Qf3 c6 9. Bb3 O-O 10. Nge2 Nbd7 11. Rd1 Qc7 12. h3 Nc5 13. Bc2 Be6 14. O-O Rad8 15. Nd4 Nfd7 16. Qh5 g6 17. Qh6 Bf6 18. Nf3 Ne5 19. Ng5 Bxg5 20. Qxg5 f6 21. Qg3 Bc4 22. Rfe1 Ne6 23. Ba3 Rfe8 24. f4 Nf7 25. e5 fxe5 26. fxe5 Rxd1 27. Nxd1 Qa5 28. Re4 Bxa2 29. Bb4 Qb6+ 30. Kh2 Nd4 31. e6 Bxe6 32. Qc3 c5 33. Ba3 Nb5 34. Qe3 Nxa3 35. Qxa3 Bd7 36. Nf2 Qc7+ 37. Kh1 Kf8 38. Qxa7 Rxe4 39. Nxe4 Bf5 40. Nxc5 1-0

[Event "Las Palmas Open"]
[Site "Las Palmas ESP"]
[Date "1995.??.??"]
[Round "9"]
[White "Grichkevitch, Gilles"]
[Black "Mitkov, Nikola"]
[Result "0-1"]
[WhiteElo "2275"]
[BlackElo "2475"]
[PlyCount "32"]
[EventDate "1995.11.??"]
[Source "www.chesslib.no"]
[SourceDate "2004.05.04"]

1. e4 e5 2. d4 exd4 3. c3 d5 4. exd5 Qxd5 5. cxd4 Nc6 6. Be3 Bb4+ 7. Nc3 Nge7 8. a3 Bxc3+ 9. bxc3 O-O 10. Nf3 Bg4 11. Be2 Nf5 12. O-O Rae8 13. Bd2 Rxe2 14. Qxe2 Nh4 15. Qe3 Bxf3 16. g3 Qf5 0-1

[Event "Melbourne Black Opal Masters"]
[Site "Melbourne"]
[Date "2002.01.20"]
[Round "9"]
[White "Chapman, Mark"]
[Black "Solomon, Stephen J"]
[Result "1-0"]
[WhiteElo "2356"]
[BlackElo "2385"]
[PlyCount "75"]
[EventDate "2002.01.12"]
[Source "ChessBase"]
[SourceDate "2002.03.14"]

1. e4 e5 2. d4 exd4 3. c3 d5 4. exd5 Qxd5 5. cxd4 Nc6 6. Be3 Nf6 7. Nc3 Bb4 8. Nge2 Bg4 9. Qd2 O-O-O 10. f3 Bf5 11. a3 Qa5 12. Rc1 Bxc3 13. Nxc3 Rhe8 14. Kf2 Nd5 15. Nxd5 Qxd2+ 16. Bxd2 Rxd5 17. Bc3 b5 18. g4 Bg6 19. Bg2 Kd7 20. Rhe1 Rxe1 21. Rxe1 f5 22. f4 Kd6 23. Bxd5 Kxd5 24. h3 a5 25. Rc1 fxg4 26. hxg4 Be4 27. Ke3 Bg6 28. Bd2 Kd6 29. Rc5 b4 30. axb4 axb4 31. f5 Bf7 32. Ke4 g6 33. Bf4+ Kd7 34. d5 gxf5+ 35. gxf5 Ne7 36. Rxc7+ Ke8 37. d6 Nd5 38. Rxf7 1-0

[Event "It (Open) Baku AZE"]
[Site "?"]
[Date "2006.05.06"]
[Round "3"]
[White "Davidov Samir"]
[Black "Sturua Zurab"]
[Result "1/2-1/2"]
[WhiteElo "2216"]
[BlackElo "2524"]
[PlyCount "67"]
[EventDate "2006.??.??"]
[Source "www.chesslib.no"]
[SourceDate "2004.05.04"]

1. e4 e5 2. d4 exd4 3. c3 dxc3 4. Bc4 Nc6 5. Nxc3 Bb4 6. Nf3 d6 7. Ng5 Bxc3+ 8. bxc3 Ne5 9. Bb3 h6 10. f4 hxg5 11. fxe5 Qe7 12. Qd5 dxe5 13. Bxg5 Nf6 14. Bxf6 gxf6 15. O-O-O c6 16. Qd3 Be6 17. Kb2 Rd8 18. Qg3 Bxb3 19. axb3 Kf8 20. Qg4 Rxd1 21. Rxd1 f5 22. Qxf5 Rxh2 23. Qc8+ Kg7 24. Qg4+ Kh6 25. Rf1 Qg5 26. Qxg5+ Kxg5 27. Rxf7 Rxg2+ 28. Ka3 Re2 29. Rf5+ Kg6 30. Rxe5 Kf6 31. Re8 b6 32. Rc8 Rxe4 33. Rxc6+ Re6 34. Rc7 1/2-1/2

[Event "Buenos Aires TB"]
[Site "Buenos Aires ARG"]
[Date "1989.??.??"]
[Round "?"]
[White "Rocha, Antonio BRA"]
[Black "Sorin, Ariel"]
[Result "1/2-1/2"]
[WhiteElo "2330"]
[BlackElo "2410"]
[PlyCount "35"]
[EventDate "1989.??.??"]
[Source "www.chesslib.no"]
[SourceDate "2004.05.04"]

1. e4 e5 2. d4 exd4 3. c3 d5 4. exd5 Qxd5 5. cxd4 Nc6 6. Nf3 Nf6 7. Nc3 Bb4 8. Be2 Ne4 9. Bd2 Bxc3 10. bxc3 O-O 11. O-O Nxd2 12. Qxd2 Bf5 13. c4 Qd6 14. d5 Ne7 15. Qb2 b6 16. Nd4 Bd7 17. Rad1 Qf6 18. Qb3 1/2-1/2

[Event "Welkom"]
[Site "?"]
[Date "1983.??.??"]
[Round "?"]
[White "Hirschowitz Steven"]
[Black "Meyer Gordon"]
[Result "1-0"]
[WhiteElo "1945"]
[BlackElo "2785"]
[PlyCount "25"]
[EventDate "1983.??.??"]
[Source "www.chesslib.no"]
[SourceDate "2004.05.04"]

1. e4 e5 2. d4 exd4 3. c3 dxc3 4. Nxc3 Nc6 5. Nf3 d6 6. Bc4 Nf6 7. Qb3 Qe7 8. Bg5 Na5 9. Qb5+ Nc6 10. Nd5 Qxe4+ 11. Kf1 Kd8 12. Nxf6 Qf5 13. Nd7+ 1-0

[Event "Komercni Banka op"]
[Site "Pardubice"]
[Date "1996.??.??"]
[Round "1"]
[White "Mudelsee, Manfred"]
[Black "Gyimesi, Zoltan"]
[Result "0-1"]
[WhiteElo "2250"]
[BlackElo "2480"]
[PlyCount "82"]
[EventDate "1996.07.??"]
[Source "www.chesslib.no"]
[SourceDate "2004.05.04"]

1. e4 e5 2. d4 exd4 3. c3 Qe7 4. cxd4 Qxe4+ 5. Be3 Nf6 6. Qd2 Nc6 7. Nc3 Bb4 8. Nf3 Qg6 9. Bd3 Ne4 10. Bxe4 Bxc3 11. Qxc3 Qxe4 12. d5 Ne7 13. Rd1 O-O 14. Qb3 Nf5 15. O-O Nxe3 16. fxe3 d6 17. Rd4 Qe7 18. Rc1 Bf5 19. Rc3 Rab8 20. Qa3 a6 21. Rdc4 Be4 22. Rxc7 Qf6 23. Nd2 Bxd5 24. Rd3 Bc6 25. Qxd6 Qxb2 26. h3 Qxa2 27. Re7 Qa1+ 28. Kh2 Rbe8 29. e4 Rxe7 30. Qxe7 Qf6 31. Qxf6 gxf6 32. Kg3 a5 33. Kf4 a4 34. Kf5 Kg7 35. Rg3+ Kh8 36. Kxf6 Ra8 37. Nc4 Bxe4 38. Rg4 Bd5 39. Na3 Bb3 40. Rd4 Ra6+ 41. Ke7 Kg7 0-1

[Event "otb"]
[Site "otb"]
[Date "2007.04.29"]
[Round "6"]
[White "Alford Phillipe Jason"]
[Black "Almeida Saenz Alfonso"]
[Result "1/2-1/2"]
[WhiteElo "2299"]
[BlackElo "2429"]
[PlyCount "36"]
[Source "www.chesslib.no"]
[SourceDate "2004.05.04"]

1. e4 e5 2. d4 exd4 3. c3 d5 4. exd5 Qxd5 5. Nf3 Bg4 6. cxd4 Bxf3 7. gxf3 Nc6 8. Be3 Bb4+ 9. Nc3 Qa5 10. Bd3 Nge7 11. Rg1 g6 12. Kf1 O-O-O 13. Nb5 a6 14. a3 axb5 15. axb4 Qxb4 16. Qe2 Kb8 17. Bxb5 Rhe8 18. Ra4 Qd6 1/2-1/2

[Event "TaSY Open"]
[Site "Tampere"]
[Date "1992.??.??"]
[Round "4"]
[White "Lehtivaara, Risto"]
[Black "Rantanen, Yrjo A"]
[Result "0-1"]
[WhiteElo "2305"]
[BlackElo "2410"]
[PlyCount "78"]
[EventDate "1992.??.??"]
[Source "www.chesslib.no"]
[SourceDate "2004.05.04"]

1. e4 e5 2. d4 exd4 3. c3 dxc3 4. Nxc3 Bb4 5. Bc4 Bxc3+ 6. bxc3 Qf6 7. Qc2 d6 8. f4 Ne7 9. Nf3 d5 10. e5 Qg6 11. Bd3 Bf5 12. Qa4+ Nd7 13. Nh4 Qe6 14. Nxf5 Nxf5 15. O-O h5 16. Rb1 b6 17. Bb5 Rh6 18. Bd3 c6 19. Qc2 g6 20. c4 d4 21. Bxf5 Qxf5 22. Qxf5 gxf5 23. Ba3 c5 24. Rf3 Nf8 25. Rg3 Rh8 26. Rbb3 Ne6 27. Bc1 Kd7 28. Rh3 Rag8 29. Rh4 Rg4 30. Rbh3 Rxh4 31. Rxh4 Kc6 32. h3 b5 33. cxb5+ Kxb5 34. g4 Ng7 35. Kf2 c4 36. Ba3 c3 37. Ke2 Kc4 38. Be7 d3+ 39. Kd1 Rb8 0-1

[Event "AUT-ch"]
[Site "Frohnleiten"]
[Date "2000.??.??"]
[Round "9.4"]
[White "Lendwai, Reinhard"]
[Black "Brandner, Stefan"]
[Result "1/2-1/2"]
[WhiteElo "2361"]
[BlackElo "2344"]
[PlyCount "21"]
[EventDate "2000.08.05"]
[Source "ChessBase"]
[SourceDate "2000.09.14"]

1. e4 e5 2. d4 exd4 3. c3 Qe7 4. Qxd4 Nf6 5. f3 Nc6 6. Qe3 d5 7. exd5 Qxe3+ 8. Bxe3 Nxd5 9. Bf2 Ne5 10. Bd4 Bd6 11. Nd2 1/2-1/2

[Event "Dreptatea"]
[Site "Bucharest Dreptatea"]
[Date "1996.??.??"]
[Round "2"]
[White "Pessi, Emil"]
[Black "Baluta, Constantin"]
[Result "1-0"]
[WhiteElo "2355"]
[BlackElo "2335"]
[PlyCount "43"]
[EventDate "1996.??.??"]
[Source "www.chesslib.no"]
[SourceDate "2004.05.04"]

1. e4 e5 2. d4 exd4 3. c3 Qe7 4. cxd4 Qxe4+ 5. Be3 Bb4+ 6. Nc3 Nf6 7. Nf3 Nd5 8. Qd2 Nxe3 9. fxe3 Qe7 10. Bd3 d5 11. O-O f5 12. Ne5 O-O 13. Nxd5 Qxe5 14. Qxb4 Qe8 15. Bc4 Kh8 16. Nxc7 Qxe3+ 17. Kh1 Rd8 18. Nxa8 Nc6 19. Qc3 Qe7 20. Rae1 Qd6 21. d5 Ne7 22. Qe5 1-0